000 01808cam a2200421 a 4500
001 15792598
003 NUST
005 20220606115734.0
008 090626s2009 mnua j 001 0 eng
010 _a 2009025797
020 _a9781575423388 (Hbk. : recy. paper)
020 _a1575423383 (Hbk. : recy. paper)
035 _a(OCoLC)ocn317470917
038 _aArshad
040 _aDLC
_cDLC
_dIG#
_dB2A
_dUBY
_dABG
_dYDXCP
_dVP@
_dDLC
042 _alcac
043 _an-us---
050 0 0 _aHV41
_b.L455 2009
082 _a361.370835
_bLEW
100 1 _aLewis, Barbara A.,
_d1943-
_992003
245 1 4 _aThe kid's guide to service projects :
_bover 500 service ideas for young people who want to make a difference /
_cby Barbara A. Lewis ; [illustrations by Michelle Lee].
246 3 0 _aService projects
250 _aUpdated 2nd ed.
260 _aMinneapolis, MN :
_bFree Spirit Pub.,
_cc2009.
300 _aviii, 152 p. :
_bill. ;
_c23 cm.
500 _aIncludes index.
505 0 _aGetting started in service -- Animals -- Politics & government -- Community development -- Crime fighting -- The environment -- Friendship -- Health & wellness -- Homelessness -- Hunger -- Literacy -- People with special needs -- Seniors -- Safety -- Transportation -- Service project how-tos.
521 0 _a5-6.
521 8 _aAges 10 & up.
650 0 _aStudent volunteers in social service
_zUnited States
_vJuvenile literature.
_992004
650 0 _aService learning
_zUnited States
_vJuvenile literature.
_992005
650 1 _aVolunteers.
_992006
650 1 _aVoluntarism.
_992007
700 1 _aLee, Michelle,
_eill.
_992008
906 _a7
_bcbc
_corignew
_d1
_eecip
_f20
_gy-gencatlg
942 _2ddc
_cBK
999 _c590119
_d590119